| 000 | 00733cab a2200205 4500 | ||
|---|---|---|---|
| 001 | ABS43259 | ||
| 008 | 090401t1990 xxu||||| |||| 00| 0 eng d | ||
| 035 | _a(Sirsi) u41107 | ||
| 041 | _aeng | ||
| 245 | _aBell v Peter Browne & Co | ||
| 260 | _c1990 | ||
| 350 | _a0 | ||
| 490 |
_aWeekly Law Reports _v(1990) 3 WLR 510-526(17) |
||
| 520 | _aCA 11 April 1990. The appellant claimed his solicitors were negligent and in breach of contract in not securing his interest in his wife`s sale of the matrimonial home . The claim was found to be statute-barred . Appeal dismissed. | ||
| 650 | _aDAMAGES | ||
| 650 | _aNEGLIGENCE | ||
| 690 | _aMANAGEMENT-BUSINESS MANAGEMENT-PROFESSIONAL PRACTICE | ||
| 942 | _n0 | ||
| 948 | _c04/03/1997 | ||
| 999 |
_c26392 _d26392 |
||